The Jesuit Pierre-François-Xavier de Charlevoix's (1682-1761) journal of a voyage in North America: an annotated translation
| Main Author: | |
|---|---|
| Contributors: | |
| Format: | Print Book |
| Language: | English |
| Subito Delivery Service: | Order now. |
| Check availability: | HBZ Gateway |
| WorldCat: | WorldCat |
| Interlibrary Loan: | Interlibrary Loan for the Fachinformationsdienste (Specialized Information Services in Germany) |
| Published: |
Leiden Boston
Brill
[2019]
|
| In: |
Jesuit studies (volume 24)
Year: 2019 |
| Series/Journal: | Jesuit studies
volume 24 |
| Standardized Subjects / Keyword chains: | B
Charlevoix, Pierre-François-Xavier de 1682-1761
/ North America
/ Mission (international law
/ Jesuits
/ Travel description
/ History 1720-1722
|
| Further subjects: | B
Canada
Description and travel Early works to 1800
B Indians of North America (Canada) Early works to 1800 B Canada History To 1763 (New France) |
| Online Access: |
Table of Contents Blurb Literaturverzeichnis |
MARC
| LEADER | 00000cam a2200000 c 4500 | ||
|---|---|---|---|
| 001 | 1670376206 | ||
| 003 | DE-627 | ||
| 005 | 20251225215117.0 | ||
| 007 | tu | ||
| 008 | 190731s2019 xxu||||| 00| ||eng c | ||
| 010 | |a 2019026931 | ||
| 020 | |a 9789004408630 |c (hardback) |9 978-90-04-40863-0 | ||
| 020 | |z 9789004408647 | ||
| 035 | |a (DE-627)1670376206 | ||
| 035 | |a (DE-599)KXP1670376206 | ||
| 035 | |a (OCoLC)1159595007 | ||
| 040 | |a DE-627 |b ger |c DE-627 |e rda | ||
| 041 | |a eng | ||
| 044 | |c XD-US | ||
| 050 | 0 | |a F1030 | |
| 072 | 7 | |a WTL |2 bicssc | |
| 072 | 7 | |a TRV 010000 |2 bisacsh | |
| 082 | 0 | |a 971.01 |q LOC | |
| 084 | |a 1 |2 ssgn | ||
| 084 | |a NV 5260 |2 rvk |0 (DE-625)rvk/131869: | ||
| 084 | |a 11.54 |2 bkl | ||
| 100 | 1 | |e VerfasserIn |0 (DE-588)124536387 |0 (DE-627)363404899 |0 (DE-576)165004169 |4 aut |a Charlevoix, Pierre-François-Xavier de |d 1682-1761 | |
| 109 | |a Charlevoix, Pierre F. X. de 1682-1761 |a Charlevoix, François-Xavier de 1682-1761 |a Charlevoix, Pierre F. de 1682-1761 |a Charlevoix, P. F. X. de 1682-1761 |a Charlevoie, P. de 1682-1761 |a Charlevoix Father 1682-1761 |a Charlevoix, Pedro Francesco de 1682-1761 |a Charlevoix Père 1682-1761 |a Charlevoix, Pedro Francisco Javier de 1682-1761 |a Charlevoix, Pierre de 1682-1761 |a Charlevoix, Franciscus de 1682-1761 |a Charlevoix, Pierre-François Xavier de 1682-1761 |a Charlevoix, Pedro Francisco Xavier de 1682-1761 |a Charlevoix, Pierre François Xavier de 1682-1761 |a Charlevoix de 1682-1761 |a Charlevoix, Pierre-Francois-Xavier de 1682-1761 |a Charlevoix, Pierre François Xavier 1682-1761 |a Charlevoix, François Xavier de 1682-1761 |a Charlevoix, Franz Xaver de 1682-1761 |a Charlevoix, Pierre-François-Xavier de 1682-1761 |a Charlevoix, Pierre François-Xavier 1682-1761 |a Charlevoix, Pedro F. de 1682-1761 |a Charlevoix, P. de 1682-1761 |a Charlevoix, François Xavier 1682-1761 | ||
| 240 | 1 | 0 | |a Journal d'un voyage |
| 245 | 1 | 4 | |a The Jesuit Pierre-François-Xavier de Charlevoix's (1682-1761) journal of a voyage in North America |b an annotated translation |c by Micah True |
| 264 | 1 | |a Leiden |a Boston |b Brill |c [2019] | |
| 300 | |a XX, 549 Seiten |b Illustrationen | ||
| 336 | |a Text |b txt |2 rdacontent | ||
| 337 | |a ohne Hilfsmittel zu benutzen |b n |2 rdamedia | ||
| 338 | |a Band |b nc |2 rdacarrier | ||
| 490 | 1 | |a Jesuit studies |v volume 24 | |
| 583 | 1 | |a Archivierung/Langzeitarchivierung gewährleistet |f SSG |x XA-DE-BW |2 pdager |5 DE-21 | |
| 601 | |a Translation | ||
| 650 | 0 | |a Indians of North America |z Canada |v Early works to 1800 | |
| 651 | 0 | |a Canada |x History |y To 1763 (New France) | |
| 651 | 0 | |a Canada |x Description and travel |v Early works to 1800 | |
| 689 | 0 | 0 | |d p |0 (DE-588)124536387 |0 (DE-627)363404899 |0 (DE-576)165004169 |2 gnd |a Charlevoix, Pierre-François-Xavier de |d 1682-1761 |
| 689 | 0 | 1 | |d g |0 (DE-588)4042483-2 |0 (DE-627)106214179 |0 (DE-576)209050675 |2 gnd |a Nordamerika |
| 689 | 0 | 2 | |d s |0 (DE-588)4039567-4 |0 (DE-627)106227602 |0 (DE-576)20903551X |2 gnd |a Mission |
| 689 | 0 | 3 | |d b |0 (DE-588)80092-2 |0 (DE-627)101557310 |0 (DE-576)190497920 |2 gnd |a Jesuiten |
| 689 | 0 | 4 | |d s |0 (DE-588)4076645-7 |0 (DE-627)104189037 |0 (DE-576)209202459 |2 gnd |a Reisebericht |
| 689 | 0 | 5 | |q z |2 gnd |a Geschichte 1720-1722 |
| 689 | 0 | |5 (DE-627) | |
| 700 | 1 | |e ÜbersetzerIn |0 (DE-588)1069149500 |0 (DE-627)821383175 |0 (DE-576)428444598 |4 trl |a True, Micah |d 1981- | |
| 776 | 1 | |z 9789004408647 |c (e-book) | |
| 776 | 0 | 8 | |i Erscheint auch als |n Online-Ausgabe |a Charlevoix, Pierre-François-Xavier de, 1682-1761 |t The Jesuit Pierre-François-Xavier de Charlevoix's (1682-1761) journal of a voyage in North America |d Leiden ; Boston : Brill, 2019 |w (DLC)2019026932 |
| 830 | 0 | |a Jesuit studies |v volume 24 |9 24 |w (DE-627)778770494 |w (DE-576)39245632X |w (DE-600)2757448-9 |x 2214-3289 |7 am | |
| 856 | 4 | 2 | |u https://swbplus.bsz-bw.de/bsz1670376206kla.htm |m V:DE-576;B:DE-21 |q application/pdf |v 20191120155649 |3 Klappentext |7 1 |
| 856 | 4 | 2 | |u https://swbplus.bsz-bw.de/bsz1670376206inh.htm |m V:DE-576 |m B:DE-21 |v 20220914193217 |3 Inhaltsverzeichnis |7 1 |
| 856 | 4 | 2 | |u https://swbplus.bsz-bw.de/bsz1670376206ref.htm |m V:DE-576 |m B:DE-21 |v 20220914193217 |3 Literaturverzeichnis |7 1 |
| 936 | r | v | |a NV 5260 |b Jesuiten |k Geschichte |k Religions- und Kirchengeschichte |k Geschichte der katholischen Kirche |k Geschichte des Mönchtums und des Klosterwesens |k Jesuiten |0 (DE-627)1271539403 |0 (DE-625)rvk/131869: |0 (DE-576)201539403 |
| 936 | b | k | |a 11.54 |j Katholizismus |q SEPA |0 (DE-627)106402668 |
| 951 | |a BO | ||
| ELC | |b 1 | ||
| ITA | |a 1 |t 1 | ||
| LOK | |0 000 xxxxxcx a22 zn 4500 | ||
| LOK | |0 001 3538099928 | ||
| LOK | |0 003 DE-627 | ||
| LOK | |0 004 1670376206 | ||
| LOK | |0 005 20191106134246 | ||
| LOK | |0 008 191106||||||||||||||||ger||||||| | ||
| LOK | |0 040 |a DE-21 |c DE-627 |d DE-21 | ||
| LOK | |0 852 |a DE-21 | ||
| LOK | |0 852 1 |c 59 A 7209 |9 00 | ||
| LOK | |0 935 |a theo | ||
| LOK | |0 936ln |a t3.4 | ||
| LOK | |0 938 |a 1911 |f 2 | ||
| LOK | |0 939 |a 06-11-19 |b l01 | ||
| ORI | |a SA-MARC-ixtheoa001.raw | ||
| REL | |a 1 | ||
| STA | 0 | 0 | |a Jesuits,Mission (international law,Mission,Mission,Christianity,World mission,North America,America,Travel description,Travel report,Travel diary,Journey report,Trip description |
| STB | 0 | 0 | |a Jésuites,Mission,Mission,Mission,Récit de voyages |
| STC | 0 | 0 | |a Diario de viaje,Jesuitas,Misión,Misión,Misión |
| STD | 0 | 0 | |a Diario di viaggio,Gesuiti,Missione,Missione,Missione |
| STE | 0 | 0 | |a 宣教,宣教,传教,宣教使命,传教,宣教使命,旅行见闻报导,旅行描写,耶稣会 |
| STF | 0 | 0 | |a 宣教,宣教,傳教,宣教使命,傳教,宣教使命,旅行見聞報導,旅行描寫,耶穌會 |
| STG | 0 | 0 | |a Diário de viagem,Jesuítas,Missão,Missão,Missão |
| STH | 0 | 0 | |a Иезуиты (мотив),Миссия (международное право),Миссия (мотив),Миссия,Путевые заметки |
| STI | 0 | 0 | |a Αποστολή (Διεθνές δίκαιο),Ιεραποστολή (μοτίβο),Ιεραποστολή,Ιησουίτες (μοτίβο),Ταξιδιωτικό ημερολόγιο |
| SUB | |a REL | ||
| SYF | 0 | 0 | |a Canada,Committee on Forest Land , Canada,Committee on Forest Land |
| SYG | 0 | 0 | |a Charlevoix, Pierre-Francois-Xavier de,1682-1761,Charlevoie, P. de,1682-1761,Charlevoix,Père,1682-1761,Charlevoix,Father,1682-1761,Charlevoix, Pierre François Xavier de,1682-1761,Charlevoix, Pedro Francisco Xavier de,1682-1761,Charlevoix, P. F. X. de,1682-1761,Charlevoix, Pierre-François Xavier de,1682-1761,Charlevoix, François-Xavier de,1682-1761,Charlevoix, Franciscus de,1682-1761,Charlevoix, Pierre F. X. de,1682-1761,Charlevoix, Pierre de,1682-1761,Charlevoix, Pierre François-Xavier,1682-1761,Charlevoix, Pierre François Xavier,1682-1761,Charlevoix, Pierre F. de,1682-1761,Charlevoix, Pedro Francisco Javier de,1682-1761,Charlevoix, Pedro Francesco de,1682-1761,Charlevoix, Pedro F. de,1682-1761,Charlevoix, P. de,1682-1761,Charlevoix de,1682-1761,Charlevoix, François Xavier,1682-1761,Charlevoix, François Xavier de,1682-1761,Charlevoix, Franz Xaver de,1682-1761 , Amerika,Nord , Diplomatische Mission,Christentum,Christliche Mission,Heidenmission,Weltmission,Missionierung , Societas Jesu,Societas Iesu,Gesellschaft Jesu,Compañia de Jesús,SJ,Spoločnost' Ježišova,Companhia Jesus,Kapisanan ni Hesus,Kie̜ża Jezuici,Cumann Iosa,SI,IHS,CDG,Compagnía di Jesù,Gesuiti,Compagnie de Jésus,Družba Isusova,Jezuici,Jesuits or mga Heswita,Society of Jesus,Companhia de Jesus,Jezsuiták,Jézus Társaság,Jezuieten,Societas Jesu,Generalskurie,Generalskurie,Jésuites,Jesuits,Isusovački Red,Compagnia di Gesù,Compagnia di Giesu,Towarzystwo Jezusowe , Reisebeschreibung,Reisebriefe,Reisereportage,Reisetagebuch,Hodoeporicon,Reisebilder,Reiseessay,Reisebeschreibung,Reisebriefe,Reisereportage,Reisetagebuch,Hodoeporicon,Reisebilder,Reiseessay,Hodoeporicon,Reisetagebuch,Reisebeschreibung,Reisebilder,Reiseschilderung,Reise,Reisebriefe,Reiseessay,Reisereportage,Reise,Reiseberichte,Travel writing,Reisebeschreibung |
| TIM | |a 100017200101_100017221231 |b Geschichte 1720-1722 | ||



